000 00591nam a22001937a 4500
005 20230321015612.0
008 230320b |||||||| |||| 00| 0 eng d
020 _a978-0-07-066021-2
082 _a338.4791 An569 2007
100 _aAndrews, Sudhir
_eauthor
245 _aIntroduction to tourism and hospitality industry /
_cSudhir Andrews
260 _aNew Delhi, IN:
_bTata McGraw-Hill Publishing,
_cc2009
300 _axv, [238]p.:
_bill.
504 _aIncludes bibliography
541 _e1286
650 _aTourist trade
650 _aTourism
650 _aHotels and motels - Management
999 _c1906
_d1906